Вып. 19: [сборник]

Dades bibliogràfiques
Autor corporatiu: Всесоюзный научно-исследовательский, проектно-конструкторский и технологический институт кабельной промышленности
Altres autors: Быков Д. В. (редактор)
Sumari:Издание основано в 1956 году
Idioma:rus
Publicat: Москва, Энергия, 1976
Col·lecció:Труды ВНИИКП (Всесоюзного научно-исследовательского, проектно-конструкторского и технологического института кабельной промышленности) Вып. 19
Matèries:
Format: MixedMaterials Llibre
KOHA link:https://koha.lib.tpu.ru/cgi-bin/koha/opac-detail.pl?biblionumber=371814

MARC

LEADER 00000nam0a2200000 4500
001 371814
005 20231102012422.0
035 |a (RuTPU)RU\TPU\retro\29224 
035 |a RU\TPU\retro\29223 
090 |a 371814 
100 |a 20221115d1976 k y0rusy50 ca 
101 0 |a rus 
102 |a RU 
105 |a a z 001zy 
200 1 |a Вып. 19  |e [сборник]  |f Всесоюзный научно-исследовательский, проектно-конструкторский и технологический институт кабельной промышленности ; под ред. Д. В. Быкова 
210 |a Москва  |c Энергия  |d 1976 
215 |a 192 с.  |c ил. 
225 1 |a Труды ВНИИКП (Всесоюзного научно-исследовательского, проектно-конструкторского и технологического института кабельной промышленности)  |v Вып. 19 
300 |a Издание основано в 1956 году 
320 |a Библиография в конце статей 
606 1 |a Кабельные изделия  |x Производство  |2 stltpush  |3 (RuTPU)RU\TPU\subj\13415  |9 40026 
610 1 |a кабельная промышленность 
610 1 |a электрическое поле 
610 1 |a частичные разряды 
610 1 |a экранированные кабели 
610 1 |a герметизированные кабели 
610 1 |a электрический расчет 
610 1 |a бумажно-масляная изоляция 
610 1 |a волноводы эллиптического сечения 
610 1 |a волноводы цилиндрические 
610 1 |a концевые кабельные муфты 
610 1 |a политетрафторэтилен 
610 1 |a термостабилизаторы 
610 1 |a гидродинамические аспекты 
610 1 |a гофрированные оболочки 
610 1 |a монтажные провода 
610 1 |a поливинилхлоридная изоляция 
610 1 |a контроль качества 
610 1 |a СВЧ вулканизация 
610 1 |a прессованная изоляция 
610 1 |a резиновые смеси 
610 1 |a петлевой индуктор 
610 1 |a обмоточные провода 
610 1 |a индукционный нагрев 
675 |a 621.315.2.002  |v 3 
702 1 |a Быков  |b Д. В.  |4 340 
712 0 2 |a Всесоюзный научно-исследовательский, проектно-конструкторский и технологический институт кабельной промышленности  |9 23823 
801 1 |a RU  |b 63413507  |c 20030917  |g PSBO 
801 2 |a RU  |b 63413507  |c 20221115  |g PSBO 
942 |c BK